<?xml version="1.0" encoding="UTF-8"?><marc:collection xmlns:marc="http://www.loc.gov/MARC21/slim">
  <marc:record>
    <marc:leader>00000nam  2200000za 4500</marc:leader>
    <marc:controlfield tag="001">9.832856</marc:controlfield>
    <marc:controlfield tag="003">CaOODSP</marc:controlfield>
    <marc:controlfield tag="005">20240527135430</marc:controlfield>
    <marc:controlfield tag="007">cr |||||||||||</marc:controlfield>
    <marc:controlfield tag="008">170222t2017    onc     o    f000 0 eng d</marc:controlfield>
    <marc:datafield tag="020" ind1=" " ind2=" ">
      <marc:subfield code="a">978-0-660-07722-2</marc:subfield>
    </marc:datafield>
    <marc:datafield tag="040" ind1=" " ind2=" ">
      <marc:subfield code="a">CaOODSP</marc:subfield>
      <marc:subfield code="b">eng</marc:subfield>
    </marc:datafield>
    <marc:datafield tag="043" ind1=" " ind2=" ">
      <marc:subfield code="a">n-cn---</marc:subfield>
    </marc:datafield>
    <marc:datafield tag="086" ind1="1" ind2=" ">
      <marc:subfield code="a">CW69-14/500-2017E-PDF</marc:subfield>
    </marc:datafield>
    <marc:datafield tag="245" ind1="0" ind2="0">
      <marc:subfield code="a">COSEWIC assessment and status report on the Sonora Skipper, Polites sonora, in Canada </marc:subfield>
      <marc:subfield code="h">[electronic resource].</marc:subfield>
    </marc:datafield>
    <marc:datafield tag="246" ind1="1" ind2="5">
      <marc:subfield code="a">COSEWIC status report on the Sonora Skipper, Polites Sonora, in Canada</marc:subfield>
    </marc:datafield>
    <marc:datafield tag="260" ind1=" " ind2=" ">
      <marc:subfield code="a">Ottawa : </marc:subfield>
      <marc:subfield code="b">Environment and Climate Change Canada, </marc:subfield>
      <marc:subfield code="c">2017, c2016.</marc:subfield>
    </marc:datafield>
    <marc:datafield tag="300" ind1=" " ind2=" ">
      <marc:subfield code="a">x, 35 p. : </marc:subfield>
      <marc:subfield code="b">figures.</marc:subfield>
    </marc:datafield>
    <marc:datafield tag="500" ind1=" " ind2=" ">
      <marc:subfield code="a">Issued also in French under title: Évaluation et rapport de situation du COSEPAC sur l’hespérie du Sonora, Polites sonora, au Canada.</marc:subfield>
    </marc:datafield>
    <marc:datafield tag="500" ind1=" " ind2=" ">
      <marc:subfield code="a">Cover title.</marc:subfield>
    </marc:datafield>
    <marc:datafield tag="500" ind1=" " ind2=" ">
      <marc:subfield code="a">"Not at risk, 2016."</marc:subfield>
    </marc:datafield>
    <marc:datafield tag="500" ind1=" " ind2=" ">
      <marc:subfield code="a">"COSEWIC would like to acknowledge Jennifer Heron for writing the status report on Sonora Skipper, Polites sonora, in Canada, prepared under contract with Environment and Climate Change Canada. This report was overseen and edited by Paul Grant, Co-chair of the COSEWIC Arthropods Specialist Subcommittee."</marc:subfield>
    </marc:datafield>
    <marc:datafield tag="692" ind1="0" ind2="7">
      <marc:subfield code="2">gccst</marc:subfield>
      <marc:subfield code="a">Endangered species</marc:subfield>
    </marc:datafield>
    <marc:datafield tag="692" ind1="0" ind2="7">
      <marc:subfield code="2">gccst</marc:subfield>
      <marc:subfield code="a">Nature conservation</marc:subfield>
    </marc:datafield>
    <marc:datafield tag="692" ind1="0" ind2="7">
      <marc:subfield code="2">gccst</marc:subfield>
      <marc:subfield code="a">Butterflies</marc:subfield>
    </marc:datafield>
    <marc:datafield tag="700" ind1="1" ind2=" ">
      <marc:subfield code="a">Grant, Paul</marc:subfield>
      <marc:subfield code="c">(Entomologist)</marc:subfield>
    </marc:datafield>
    <marc:datafield tag="700" ind1="1" ind2=" ">
      <marc:subfield code="a">Heron, Jennifer.</marc:subfield>
    </marc:datafield>
    <marc:datafield tag="710" ind1="2" ind2=" ">
      <marc:subfield code="a">Committee on the Status of Endangered Wildlife in Canada.</marc:subfield>
    </marc:datafield>
    <marc:datafield tag="710" ind1="2" ind2=" ">
      <marc:subfield code="a">Canadian Wildlife Service.</marc:subfield>
    </marc:datafield>
    <marc:datafield tag="710" ind1="1" ind2=" ">
      <marc:subfield code="a">Canada. </marc:subfield>
      <marc:subfield code="b">Environment and Climate Change Canada.</marc:subfield>
    </marc:datafield>
    <marc:datafield tag="775" ind1="0" ind2="8">
      <marc:subfield code="t">Évaluation et rapport de situation du COSEPAC sur l’hespérie du Sonora, Polites sonora, au Canada </marc:subfield>
      <marc:subfield code="w">(CaOODSP)9.832857</marc:subfield>
    </marc:datafield>
    <marc:datafield tag="795" ind1=" " ind2=" ">
      <marc:subfield code="t">COSEWIC assessment and status report on the Sonora Skipper, Polites sonora, in Canada </marc:subfield>
      <marc:subfield code="w">(CaOODSP)9.560569</marc:subfield>
    </marc:datafield>
    <marc:datafield tag="856" ind1="4" ind2="0">
      <marc:subfield code="q">PDF</marc:subfield>
      <marc:subfield code="s">923 KB</marc:subfield>
      <marc:subfield code="u">https://publications.gc.ca/collections/collection_2017/eccc/CW69-14-500-2017-eng.pdf</marc:subfield>
    </marc:datafield>
  </marc:record>
</marc:collection>
